Statistics for Current Premier League Managers

Click here to take the quiz!

General Stats

  • This quiz has been taken 1,608 times
    (105 since last reset)
  • The average score is 15 of 20

Answer Stats

ClubManager% Correct
LiverpoolJürgen Klopp
99%
ArsenalMikel Arteta
98%
Manchester CityPep Guardiola
98%
Manchester UnitedErik ten Hag
97%
Aston VillaUnai Emery
92%
ChelseaMauricio Pochettino
91%
Brighton & Hove AlbionRoberto De Zerbi
87%
BurnleyVincent Kompany
85%
West Ham UnitedDavid Moyes
83%
Newcastle UnitedEddie Howe
81%
EvertonSean Dyche
79%
Tottenham HotspurAnge Postecoglou
73%
BrentfordThomas Frank
73%
FulhamMarco Silva
67%
Nottingham ForestNuno Espírito Santo
58%
Luton TownRob Edwards
56%
Sheffield UnitedChris Wilder
50%
Wolverhampton WanderersGary O'Neil
50%
BournemouthAndoni Iraola
47%
Crystal PalaceOliver Glasner
38%

Score Distribution

Percentile by Number Answered

Percent of People with Each Score

Your Score History

You have not taken this quiz since the last reset